[Event "Hong Kong op"]
[Site "Hong Kong"]
[Date "2023.12.26"]
[Round "4"]
[White "Heng, Jr Kai Ryan"]
[Black "Li, Yucheng Robinson"]
[Result "0-1"]
[WhiteElo "1136"]
[BlackElo "1509"]
[PlyCount "60"]
[EventDate "2023.12.24"]
[EventType "swiss"]
[EventRounds "9"]
[EventCountry "HKG"]
[SourceTitle "CB01_2024"]
[SourceDate "2024.01.03"]
[SourceVersion "1"]
[SourceVersionDate "2024.01.03"]
[SourceQuality "1"]

1. e4 Nf6 2. Nc3 e5 3. Nf3 Bb4 4. Bc4 0-0 5. d3 d5 6. exd5 Nxd5 7. Bd2 Nxc3 8. Bxc3 Bxc3+ 9. bxc3 Nc6 10. Nd2 Na5 11. 0-0 Nxc4 12. Nxc4 Re8 13. Re1 f6 14. Qb1 b6 15. Qb5 Be6 16. a4 a6 17. Qb4 Qd7 18. Nd2 a5 19. Qh4 Bd5 20. Ne4 f5 21. Ng5 h6 22. Nh3 Qc6 23. f3 Qxc3 24. Qf2 Bc6 25. Ra2 Rad8 26. f4 e4 27. dxe4 Rxe4 28. Rea1 Rd2 29. Qh4 Ree2 30. Kf1 Bxg2+ 0-1